A genealogy of sovereignty (Record no. 341099)

MARC details
000 -LEADER
fixed length control field 00575nam a2200193Ia 4500
008 - FIXED-LENGTH DATA ELEMENTS--GENERAL INFORMATION
fixed length control field 191130s1995##################000#0#eng##
020 ## - INTERNATIONAL STANDARD BOOK NUMBER
International Standard Book Number 9780521478885
040 ## - CATALOGING SOURCE
Original cataloging agency ACL
Transcribing agency ACL
082 ## - DEWEY DECIMAL CLASSIFICATION NUMBER
Classification number 320.15 BAR
100 ## - MAIN ENTRY--PERSONAL NAME
Personal name Bartelson, Jens
245 ## - TITLE STATEMENT
Title A genealogy of sovereignty
Statement of responsibility, etc. Jens Bartelson
260 ## - PUBLICATION, DISTRIBUTION, ETC.
Place of publication, distribution, etc. Cambridge
Name of publisher, distributor, etc. Cambridge Univeristy Press
Date of publication, distribution, etc. 1995
300 ## - PHYSICAL DESCRIPTION
Extent x, 317 p. ; 24 cm
500 ## - GENERAL NOTE
General note Includes bibliographical references (p. 293-313) and index
650 ## - SUBJECT ADDED ENTRY--TOPICAL TERM
Topical term or geographic name entry element Sovereignty
990 ## - EQUIVALENCES OR CROSS-REFERENCES [LOCAL, CANADA]
Link information for 9XX fields b6fcb112ac10000c27e6ff34f69cb3de
991 ## -
-- 350484
Holdings
Withdrawn status Lost status Materials specified (bound volume or other part) Damaged status Not for loan Home library Current library Shelving location Date acquired Total Checkouts Full call number Barcode Date last seen Price effective from Koha item type
    pbk     Anna Centenary Library Anna Centenary Library 3RD FLOOR, B WING 15.10.2020   320.15 BAR 236473 15.10.2020 15.10.2020 English Books

Find us on the map